[Event "AUTO-OPEN-4493"]
[Site "http://www.queenalice.com/game.php?id=1826992"]
[Date "2023.12.11"]
[Round "1"]
[White "Bomboche"]
[Black "cm1964"]
[Result "0-1"]
[WhiteElo "1209"]
[BlackElo "1970"]

1. e4 c5 2. Bc4 e6 3. Na3 Nc6 4. Nf3 d5 5. d3 dxc4 6. Nxc4 Qc7 7. d4 cxd4 8. O-O
e5 9. c3 Be6 10. Ng5 Bxc4 11. Qa4 Bxf1 12. Kxf1 Nf6 13. cxd4 exd4 14. Nf3 Nxe4
15. Ne5 Qxe5 16. Qb5 Qxb5+ 17. Kg1 Qe2 18. h4 Qxf2+ 19. Kh2 Ne5 20. a3 Nf3+ 0-1

[Event "AUTO-OPEN-4493"]
[Site "http://www.queenalice.com/game.php?id=1826993"]
[Date "2023.12.11"]
[Round "1"]
[White "cm1964"]
[Black "caradepau"]
[Result "1-0"]
[WhiteElo "1943"]
[BlackElo "1517"]

1. e4 e5 2. Nf3 Nc6 3. Bb5 Nge7 4. O-O a6 5. Bc4 h6 6. d4 exd4 7. Nxd4 g5 8. f4
gxf4 9. Bxf4 Bg7 10. Bxf7+ Kxf7 11. Nxc6 dxc6 12. Bxc7+ Ke8 13. Qxd8# 1-0

[Event "AUTO-OPEN-4493"]
[Site "http://www.queenalice.com/game.php?id=1826994"]
[Date "2023.12.11"]
[Round "1"]
[White "caradepau"]
[Black "cm1964"]
[Result "0-1"]
[WhiteElo "1539"]
[BlackElo "1970"]

1. e4 c5 2. Bc4 e6 3. a3 Nf6 4. d3 Nc6 5. Nf3 d5 6. exd5 exd5 7. Ba2 Be6 8. h3
Bd6 9. O-O Qd7 10. Bg5 O-O-O 11. Bxf6 gxf6 12. Nc3 Bxh3 13. Bxd5 Bxg2 14. Kxg2
Qg4+ 15. Kh1 Qh3+ 16. Kg1 Rdg8+ 17. Ng5 Qh2# 0-1

[Event "AUTO-OPEN-4479"]
[Site "http://www.queenalice.com/game.php?id=1833750"]
[Date "2024.3.18"]
[Round "2"]
[White "cm1964"]
[Black "johndyson2"]
[Result "1-0"]
[WhiteElo "2091"]
[BlackElo "2497"]

1. e4 e5 2. Nf3 Nc6 3. Bb5 Nf6 4. d3 Bc5 5. Bxc6 dxc6 6. O-O Bg4 7. h3 Bh5 8.
Qe2 Qe7 9. Be3 Nd7 10. Nbd2 O-O 11. g4 Bg6 12. a4 Rfe8 13. Kh1 Rad8 14. Rg1 Nf8
15. h4 f6 16. Nf1 Ne6 17. Ng3 Qf8 18. Nf5 Kh8 19. Rg2 Rd7 20. Rag1 Red8 21. b3
b5 22. Rh2 Bf7 23. Qf1 bxa4 24. bxa4 Bd6 25. Qh3 c5 26. g5 Bh5 27. Nd2 Nf4 28.
Bxf4 1-0

[Event "AUTO-OPEN-4479"]
[Site "http://www.queenalice.com/game.php?id=1833751"]
[Date "2024.3.18"]
[Round "2"]
[White "johndyson2"]
[Black "cm1964"]
[Result "0-1"]
[WhiteElo "2512"]
[BlackElo "2061"]

1. e4 c5 2. Nc3 d6 3. Nf3 Nf6 4. d4 cxd4 5. Nxd4 a6 6. Be3 e5 7. Nb3 Be6 8. f3
h5 9. Nd5 Bxd5 10. exd5 Nbd7 11. Qd2 g6 12. Be2 Bg7 13. O-O b6 14. c4 O-O 15.
Rae1 Re8 16. Kh1 Rc8 17. Qd1 Nc5 18. Nxc5 bxc5 19. b3 Qd7 20. Qd2 Ra8 21. h3 a5
22. Bd1 Nh7 23. a3 h4 24. Qf2 Qd8 25. Bd2 Bf6 26. Re4 Bg5 27. Bxg5 Nxg5 28. Re2
f5 0-1

[Event "AUTO-OPEN-4479"]
[Site "http://www.queenalice.com/game.php?id=1833752"]
[Date "2024.3.18"]
[Round "2"]
[White "cm1964"]
[Black "bmax"]
[Result "1-0"]
[WhiteElo "2006"]
[BlackElo "2307"]

1. e4 c6 2. d4 d5 3. e5 Bf5 4. Nf3 e6 5. Be2 c5 6. Be3 cxd4 7. Nxd4 Ne7 8. Nd2
Nbc6 9. N2f3 Bg4 10. O-O Bxf3 11. Nxf3 Ng6 12. Bb5 Be7 13. c4 O-O 14. cxd5 exd5
15. Qb3 Ngxe5 16. Nxe5 Nxe5 17. Rad1 Qc7 18. Bf4 a6 19. Rxd5 Bd6 20. Rc1 Qb8 21.
Rcd1 axb5 22. Rxd6 Nc4 23. R6d4 Qe8 24. h3 f5 25. a4 Kh8 26. axb5 Ne5 27. Qd5
Ng6 28. Bc7 Rc8 29. Qxb7 f4 30. b6 f3 31. Qe4 Qxe4 32. Rxe4 h6 33. Rc1 Rf7 34.
b7 1-0

[Event "AUTO-OPEN-4479"]
[Site "http://www.queenalice.com/game.php?id=1833753"]
[Date "2024.3.18"]
[Round "2"]
[White "bmax"]
[Black "cm1964"]
[Result "0-1"]
[WhiteElo "2307"]
[BlackElo "2034"]

1. d4 Nf6 2. Bf4 d5 3. e3 e6 4. Nf3 c5 5. c3 Bd6 6. Bg3 O-O 7. Nbd2 Qc7 8. Bd3
Nbd7 9. Qc2 b6 10. Bxd6 Qxd6 11. O-O Bb7 12. Rfe1 Rac8 13. e4 dxe4 14. Nxe4 Qf4
15. Rad1 Rfd8 16. Qd2 Qxd2 17. Rxd2 cxd4 18. Nxd4 Nxe4 19. Bxe4 Bxe4 20. Rxe4
Nc5 21. Re3 Rd5 22. b4 Na4 23. h4 g6 24. h5 Rxc3 25. hxg6 hxg6 26. a3 Rxe3 27.
fxe3 e5 28. Nb3 Rxd2 29. Nxd2 Kg7 30. Ne4 Nb2 31. Kf2 Nc4 32. a4 Nb2 33. a5 Nd3+
34. Kf3 f5 0-1

[Event "AUTO-OPEN-4493"]
[Site "http://www.queenalice.com/game.php?id=1837742"]
[Date "2024.5.30"]
[Round "2"]
[White "cm1964"]
[Black "Fauquinelle"]
[Result "1-0"]
[WhiteElo "1988"]
[BlackElo "2001"]

1. e4 c5 2. Nf3 d6 3. d4 cxd4 4. Nxd4 Bd7 5. c4 g6 6. Nc3 Bg7 7. Be2 a6 8. Be3
Nc6 9. O-O Rc8 10. h3 Ne5 11. Qb3 Rc7 12. Rad1 Nf6 13. f4 Nc6 14. e5 dxe5 15.
Nxc6 bxc6 16. fxe5 Nh5 17. e6 fxe6 18. Bxh5 gxh5 19. Ne4 Qc8 20. Bb6 Rb7 21. Qf3
Rf8 22. Qxh5+ 1-0

[Event "AUTO-OPEN-4493"]
[Site "http://www.queenalice.com/game.php?id=1837743"]
[Date "2024.5.30"]
[Round "2"]
[White "Fauquinelle"]
[Black "cm1964"]
[Result "0-1"]
[WhiteElo "1987"]
[BlackElo "1970"]

1. e4 c5 2. Nf3 d6 3. Bc4 Nf6 4. Ng5 e6 5. d4 h6 6. Nf3 Nxe4 7. dxc5 d5 8. Bb5+
Bd7 9. Bxd7+ Nxd7 10. b4 a5 11. b5 Bxc5 12. Be3 Bxe3 13. fxe3 Qf6 14. c3 Nxc3
15. Nxc3 Qxc3+ 16. Ke2 Qb2+ 0-1

[Event "AUTO-MASTER-3256"]
[Site "http://www.queenalice.com/game.php?id=1853549"]
[Date "2025.3.9"]
[Round "1"]
[White "cm1964"]
[Black "Canaye14"]
[Result "1-0"]
[WhiteElo "2149"]
[BlackElo "1984"]

1. e4 e6 2. d4 d5 3. Nc3 dxe4 4. Nxe4 Nd7 5. Nf3 Ngf6 6. Nxf6+ Nxf6 7. Be3 Be7
8. Bd3 O-O 9. Qe2 Re8 10. O-O-O c5 11. dxc5 Qc7 12. Bd4 Nd5 13. Qe4 f5 14. Qe5
Qxe5 15. Nxe5 Nf4 16. Bb5 Rd8 17. g3 Nd5 18. Rhe1 a6 19. Ba4 Bf6 20. f4 Bxe5 21.
Bxe5 Bd7 22. Bxd7 Rxd7 23. c4 Nb4 24. Rxd7 Nxa2+ 25. Kb1 Nb4 26. Rxg7+ Kf8 27.
Rxh7 Ra7 28. Rd1 Nc6 29. Rdd7 1-0